Administración del precio en mercadotecnia /

Guardado en:
Autor Principal: Sánchez Sánchez, Carlos Raúl.
Formato: Libro
Idioma:Spanish
Publicado: México : Thomson, 2003.
Materias:
Etiquetas: Agregar Etiqueta
Sin Etiquetas, Sea el primero en etiquetar este registro!
LEADER 00613nam a22001815 4500
001 EAD.ead004237
008 080718s2003####mx#d#####b####001#0#spa#d
005 20180320175303.0
245 1 0 |a Administración del precio en mercadotecnia /  |c Carlos R. Sánchez Sánchez. 
260 |a México :  |b Thomson,  |c 2003. 
300 |a 177 p. ;  |c 21 cm. 
504 |a Incluye referencias bibliográficas e índice. 
020 |a 9706862153 
100 1 |a Sánchez Sánchez, Carlos Raúl. 
082 0 4 |a 658.816  |2 21 
650 7 |a Precios.  |2 unbist 
650 7 |a Marketing.  |2 isoc 
859 |a AR-BaBDC  |b BIB. ADMINISTRACION - Libros  |h 658.816  |i Sa55  |p b04927